[Event "Friedrichroda op 18th"]
[Site "Friedrichroda"]
[Date "2014.08.14"]
[Round "3"]
[White "Burkhardt, Kai"]
[Black "Stuemer, Paul"]
[Result "0-1"]
[WhiteElo "1878"]
[BlackElo "2087"]
[PlyCount "74"]
[EventDate "2014.08.13"]
[EventType "swiss"]
[EventRounds "7"]
[EventCountry "GER"]
[SourceTitle "CBM 162 Extra"]
[Source "ChessBase"]
[SourceDate "2014.10.17"]
[SourceVersion "1"]
[SourceVersionDate "2014.10.17"]
[SourceQuality "1"]

1. d4 Nf6 2. c4 g6 3. Nc3 Bg7 4. e4 0-0 5. Bd3 Nc6 6. Nf3 e5 7. d5 Nd4 8. h3 c5 9. 0-0 d6 10. a3 a5 11. Bc2 h6 12. Bd2 Nh5 13. Nxd4 cxd4 14. Nb5 Bd7 15. Nxd6 Bxh3 16. gxh3 Qxd6 17. b4 b6 18. Rc1 Nf4 19. Bxf4 exf4 20. Rb1 axb4 21. axb4 Ra3 22. Bd3 Rfa8 23. Rb3 Qe7 24. Rxa3 Rxa3 25. Re1 Qxb4 26. Bf1 Be5 27. Qb1 Rb3 28. Qa1 Qe7 29. Qa8+ Kg7 30. Qc8 d3 31. Rd1 Bd4 32. Rxd3 Rxd3 33. Bxd3 Qh4 34. Qg4 Qxf2+ 35. Kh1 f3 36. e5 Qe1+ 37. Kh2 Bxe5+ 0-1

[Event "Friedrichroda op 12th"]
[Site "Friedrichroda"]
[Date "2008.08.08"]
[Round "4"]
[White "Burkhardt, Kai"]
[Black "Ploetz, Hans Juergen"]
[Result "1-0"]
[WhiteElo "1172"]
[BlackElo "1631"]
[PlyCount "55"]
[EventDate "2008.08.06"]
[EventType "swiss"]
[EventRounds "7"]
[EventCountry "GER"]
[SourceTitle "CBM 126 Extra"]
[Source "ChessBase"]
[SourceDate "2008.11.05"]
[SourceVersion "1"]
[SourceVersionDate "2008.11.05"]
[SourceQuality "1"]
[WhiteTeam "Attikis Aspropirgos (W)"]
[BlackTeam "Attikis Aspropirgos (W)"]
[WhiteTeamCountry "GRE"]
[BlackTeamCountry "GRE"]

1. e4 d6 2. d4 Nf6 3. Nc3 Nbd7 4. Nf3 e5 5. Bc4 Be7 6. 0-0 0-0 7. Bg5 c6 8. Re1 a6 9. a4 h6 10. Be3 Qc7 11. Ba2 exd4 12. Bxd4 c5 13. Be3 b6 14. Bf4 Ne5 15. Nd5 Nxd5 16. Bxd5 Bb7 17. Bxb7 Nxf3+ 18. Qxf3 Qxb7 19. Qg3 g5 20. Bxd6 Bxd6 21. Qxd6 Kh7 22. e5 Rad8 23. Qf6 Rd2 24. e6 Re8 25. exf7 Rf8 26. Re7 Qd5 27. h3 Rxc2 28. Re6 1-0

[Event "Friedrichroda op 11th"]
[Site "Friedrichroda"]
[Date "2007.08.09"]
[Round "3"]
[White "Burkhardt, Kai"]
[Black "Hilbenz, Guntram"]
[Result "0-1"]
[WhiteElo "1046"]
[BlackElo "2022"]
[PlyCount "62"]
[EventDate "2007.08.08"]
[EventType "swiss"]
[EventRounds "7"]
[EventCountry "GER"]
[SourceTitle "CBM 120 Extra"]
[Source "ChessBase"]
[SourceDate "2007.11.01"]
[SourceVersion "1"]
[SourceVersionDate "2007.11.01"]
[SourceQuality "1"]

1. e4 c5 2. Nf3 e6 3. d4 cxd4 4. Nxd4 a6 5. Nc3 Qc7 6. Be3 Nf6 7. Nf3 Bb4 8. e5 Nd5 9. Bd2 Nxc3 10. Bxc3 Bxc3+ 11. bxc3 Qxc3+ 12. Ke2 Nc6 13. Rb1 Nxe5 14. Rb3 Qc7 15. Nxe5 Qxe5+ 16. Re3 Qc5 17. Ke1 0-0 18. Bd3 f5 19. f4 Qxe3+ 20. Qe2 Qxe2+ 21. Kxe2 b5 22. c4 bxc4 23. Bxc4 Bb7 24. Kf2 Rfc8 25. Be2 Rc2 26. Ra1 a5 27. g3 Ba6 28. Re1 Rxa2 29. h4 Rxe2+ 30. Rxe2 Bxe2 31. Kxe2 a4 0-1